| 000 | 00657nam a2200205 i 4500 | ||
|---|---|---|---|
| 001 | 15676 | ||
| 003 | ES-MaACL | ||
| 005 | 20240312145958.0 | ||
| 007 | t| | ||
| 008 | 000504s1956 ag ||||1| spa d | ||
| 080 | _a929 Sade, marquis de | ||
| 100 | 0 |
_aBeauvoir, Simone de, _d1908-1986 _926850 |
|
| 245 | 1 | 3 |
_aEl Marqués de Sade / _cSimone de Beauvoir ; [traducción por J.E. de la Sota. |
| 260 |
_aBuenos Aires : _bEdiciones Leviatán, _c[1956] |
||
| 300 |
_a142 p. ; _c20 cm. |
||
| 600 | 1 | 4 |
_aSade, _cmarquis de, _d1740-1814 _9101276 |
| 700 | 1 |
_aSota, J.E. de la. _9107452 |
|
| 852 |
_aES-MaACL _jL-23072 _bR.128250 |
||
| 999 |
_c15676 _d15676 |
||